000 00659cam a22002053a 4500
001 42025
003 PGUSA
005 20140828083941.0
008 130206s2013||||xxu|||||s|||||000 | eng d
040 _aPGUSA
_beng
042 _adc
100 1 _aJohnson, A. H.
_q(Arthur Henry)
245 1 0 _aEurope in the Sixteenth Century 1494-1598, Fifth Edition :
_bPeriod IV (of 8), Periods of European History
_h[electronic resource] /
_cA. H. Johnson
260 _bProject Gutenberg,
_c2013
506 _aPublic domain in the USA.
516 _aElectronic text
830 0 _aProject Gutenberg
_v42025
856 4 0 _uhttp://www.gutenberg.org/ebooks/42025
942 _cEB
999 _c271277
_d271277